Statistics for ニュルンベルク裁判の被告

Click here to take the quiz!

General Stats

  • This quiz has been taken 10 times
  • The average score is 5 of 24

Answer Stats

Answer% Correct
ヘルマン・ゲーリング
67%
ルドルフ・ヘス
67%
カール・デーニッツ
56%
アルベルト・シュペーア
56%
ヴィルヘルム・カイテル
56%
ヨアヒム・フォン・リッベントロップ
22%
アルフレート・ヨードル
22%
マルティン・ボルマン
11%
エーリヒ・レーダー
11%
フランツ・フォン・パーペン
11%
コンスタンティン・フォン・ノイラート
11%
エルンスト・カルテンブルンナー
11%
バルドゥール・フォン・シーラッハ
11%
フリッツ・ザウケル
11%
ハンス・フリッチェ
11%
ハンス・フランク
11%
アルフレート・ローゼンベルク
11%
アルトゥル・ザイス=インクヴァルト
0%
ロベルト・ライ
0%
ヒャルマル・シャハト
0%
グスタフ・クルップ
0%
ヴァルター・フンク
0%
ヴィルヘルム・フリック
0%
ユリウス・シュトライヒャー
0%

Score Distribution

Percentile by Number Answered

Percent of People with Each Score

Your Score History

You have not taken this quiz